00309 a2200133 450000100060000002000180000604000240002410000200004824000330006824500280010130000060012936200090013565000310014446436 a9788504008937 cAnchieta - Aquarius aAlbaut, Corinne10a40 receitas sem fogãolpor10a40 receitas sem fogão a 0 a2005 4aLiteratura infanto-juvenil